[Event "US Open-120"]
[Site "Orlando"]
[Date "2019.08.06"]
[Round "4"]
[White "Miller, John A"]
[Black "Covington, Paul"]
[Result "1-0"]
[WhiteElo "1884"]
[BlackElo "1723"]
[PlyCount "53"]
[EventDate "2019.08.03"]
[EventType "swiss"]
[EventRounds "9"]
[EventCountry "USA"]
[SourceTitle "CBM 191 Extra"]
[Source "ChessBase"]
[SourceDate "2019.09.30"]
[SourceVersion "1"]
[SourceVersionDate "2019.09.30"]
[SourceQuality "1"]

1. d4 d5 2. Nf3 c6 3. c4 Nf6 4. Nc3 dxc4 5. e3 b5 6. a4 b4 7. Na2 a5 8. Bxc4 Ba6 9. Bxa6 Nxa6 10. 0-0 e6 11. b3 c5 12. Qe2 Be7 13. Bb2 0-0 14. Rfd1 cxd4 15. Nxd4 Qe8 16. Nb5 Nd5 17. e4 Ndc7 18. Qg4 f6 19. Rac1 Nxb5 20. axb5 Nc5 21. Bd4 Nxb3 22. Rc7 Nxd4 23. Rxd4 Rd8 24. Rxd8 Qxd8 25. Qxe6+ Rf7 26. Rc8 Kf8 27. Qd7 1-0

[Event "Cardinal op"]
[Site "Columbus"]
[Date "2018.01.26"]
[Round "1"]
[White "Shen, Christopher Y"]
[Black "Miller, John A"]
[Result "1-0"]
[WhiteElo "2272"]
[BlackElo "1971"]
[PlyCount "107"]
[EventDate "2018.01.26"]
[EventType "swiss"]
[EventRounds "5"]
[EventCountry "USA"]
[SourceTitle "EXT 2023"]
[Source "ChessBase"]
[SourceDate "2022.10.05"]
[SourceVersion "1"]
[SourceVersionDate "2022.10.05"]
[SourceQuality "1"]

1. c4 g6 2. g3 Bg7 3. Bg2 d6 4. Nc3 e5 5. d3 Ne7 6. e4 Nbc6 7. Nge2 Nd4 8. 0-0 0-0 9. Be3 h6 10. Qd2 Kh7 11. f4 f5 12. Rae1 Rb8 13. fxe5 dxe5 14. Nd5 Ne6 15. d4 exd4 16. Nxd4 c6 17. Nxe6 Bxe6 18. Nxe7 Qxe7 19. exf5 Bxf5 20. Bxa7 Qd8 21. Qxd8 Rbxd8 22. Re7 Rd7 23. Rxd7 Bxd7 24. Rxf8 Bxf8 25. Kf2 Bf5 26. Ke3 Kg7 27. a3 Kf7 28. b4 Be6 29. Kd3 Ke8 30. c5 Kd7 31. b5 cxb5 32. Bxb7 Bf5+ 33. Kc3 Bg7+ 34. Kb4 Bd3 35. Bb6 Ke6 36. c6 Bf8+ 37. Bc5 Bd6 38. Ba6 Bc7 39. Bxb5 Be4 40. Bc4+ Ke5 41. Kb5 g5 42. a4 h5 43. a5 Bxa5 44. Kxa5 Bxc6 45. Be3 Kf6 46. Kb6 Bf3 47. Kc5 Kf5 48. Kd6 g4 49. Bd3+ Kf6 50. Bd4+ Kg5 51. Ke6 h4 52. Bf6+ Kh5 53. Bxh4 Bd1 54. Kd5 1-0

[Event "Columbus op"]
[Site "Columbus"]
[Date "2017.06.23"]
[Round "1"]
[White "Miller, John A"]
[Black "Ramer, Scott Leo"]
[Result "0-1"]
[WhiteElo "2026"]
[BlackElo "2182"]
[PlyCount "64"]
[EventDate "2017.06.23"]
[EventType "swiss"]
[EventRounds "5"]
[EventCountry "USA"]
[SourceTitle "EXT 2023"]
[Source "ChessBase"]
[SourceDate "2022.10.05"]
[SourceVersion "1"]
[SourceVersionDate "2022.10.05"]
[SourceQuality "1"]

1. d4 Nf6 2. Nf3 g6 3. Bg5 Bg7 4. c3 b6 5. Nbd2 Bb7 6. Qc2 0-0 7. e4 d5 8. e5 Ne4 9. Bh4 c5 10. Bd3 cxd4 11. Nxe4 dxe4 12. Bxe4 Nc6 13. cxd4 Nb4 14. Qb1 Ba6 15. a3 Nd5 16. Bd3 Bxd3 17. Qxd3 Nf4 18. Qf1 Qd5 19. Bg5 Qe4+ 20. Kd1 Rfd8 21. Bxf4 Qxf4 22. Qe2 Rac8 23. Qd2 Qg4 24. Rc1 Rxc1+ 25. Qxc1 Rxd4+ 26. Ke2 Qe4+ 27. Qe3 Qc2+ 28. Nd2 Bxe5 29. Rd1 Qxb2 30. g3 Qb5+ 31. Ke1 Qd5 32. Rc1 Qh1+ 0-1

[Event "Ohio Congress"]
[Site "Columbus"]
[Date "2016.09.04"]
[Round "4"]
[White "Wang, Jason"]
[Black "Miller, John A"]
[Result "1-0"]
[WhiteElo "2112"]
[BlackElo "2125"]
[PlyCount "91"]
[EventDate "2016.09.02"]
[EventType "swiss"]
[EventRounds "7"]
[EventCountry "USA"]
[SourceTitle "EXT 2023"]
[Source "ChessBase"]
[SourceDate "2022.10.05"]
[SourceVersion "1"]
[SourceVersionDate "2022.10.05"]
[SourceQuality "1"]

1. d4 g6 2. e4 Bg7 3. Nf3 d6 4. Be2 Nc6 5. d5 Nb8 6. 0-0 e5 7. c4 a5 8. Nc3 Na6 9. a3 Nc5 10. Be3 b6 11. b4 axb4 12. axb4 Rxa1 13. Qxa1 Nd7 14. Qa7 Ngf6 15. Bd3 0-0 16. Nb5 Ne8 17. Ra1 f5 18. Qa8 fxe4 19. Bxe4 Ndf6 20. Ng5 Ng4 21. Ne6 Qh4 22. Nxf8 Bh6 23. Qa2 Qxh2+ 24. Kf1 Bxe3 25. fxe3 Nxe3+ 26. Ke2 Qf4 27. Bf3 e4 28. Ne6 exf3+ 29. gxf3 Bxe6 30. dxe6 Nxc4 31. Na3 Qe3+ 32. Kd1 Qxf3+ 33. Kc2 Qe2+ 34. Kc3 Qxa2 35. Rxa2 Nxa3 36. Rxa3 Kf8 37. Kc4 Ke7 38. Re3 c6 39. b5 d5+ 40. Kd4 Kd6 41. bxc6 Kxc6 42. Ke5 b5 43. Rc3+ Kb6 44. e7 b4 45. Rc8 b3 46. Rxe8 1-0

[Event "Cardinal op 38th"]
[Site "Reynoldsburg"]
[Date "2015.01.24"]
[Round "3"]
[White "Miller, John A"]
[Black "Mitkov, Nikola"]
[Result "0-1"]
[WhiteElo "1974"]
[BlackElo "2481"]
[PlyCount "68"]
[EventDate "2015.01.23"]
[EventType "swiss"]
[EventRounds "5"]
[EventCountry "USA"]
[SourceTitle "CBM 164 Extra"]
[Source "ChessBase"]
[SourceDate "2015.03.02"]
[SourceVersion "1"]
[SourceVersionDate "2015.03.02"]
[SourceQuality "1"]

1. d4 d5 2. Nf3 Nf6 3. c4 e6 4. Nc3 Bb4 5. Bd2 0-0 6. e3 c5 7. a3 Bxc3 8. Bxc3 Ne4 9. Nd2 Nxc3 10. bxc3 Nc6 11. f4 Na5 12. Bd3 dxc4 13. Nxc4 Nxc4 14. Bxc4 Qc7 15. Qd3 Bd7 16. 0-0 Rac8 17. Rac1 Qa5 18. Rb1 Rc7 19. e4 cxd4 20. cxd4 Rfc8 21. Rb4 a6 22. d5 Qc5+ 23. Kh1 a5 24. dxe6 fxe6 25. Bb5 axb4 26. Bxd7 bxa3 27. Bxe6+ Kh8 28. h3 Ra8 29. e5 Qc3 30. Qf5 Qc2 31. Qg4 a2 32. Bf5 a1Q 33. Rxa1 Rxa1+ 34. Kh2 Qf2 0-1